Najlepiej sprzedające się serie gier - Statystyki

Ogólne statystyki
  • Ten quiz został rozwiązany 844 razy
  • Średni wynik to 3 z 9
Statystyki odpowiedzi
Odpowiedź % Poprawnych
Grand Theft Auto (185 milionów kopii)
85%
FIFA (100 milionów kopii)
67%
Call of Duty (100 milionów kopii)
46%
Mario (446 milionów kopii)
33%
Need for Speed (150 milionów kopii)
29%
Tetris (125 milionów kopii)
20%
The Sims (150 milionów kopii)
19%
Pokemon (219 millionów kopii)
12%
Final Fantasy (102 milionów kopii)
10%
Nie znaleziono quizów pasujących do podanych kryteriów
Rozkład punktacji
Procent ludzi z każdym wynikiem
Percentyl według liczby udzielonych odpowiedzi
Twoja historia wyników
Nie rozwiązałeś tego quizu